=LDR 00000nam 2200000 4500 =001 $a INLIS000000000007394 =005 $a 20260525153708 =008 $a 260525################g##########0#ind## =022 ##$$a 979-3462-0403 =035 ##$$a 0010-1225000047 =082 ##$$a 307.72 =084 ##$$a 307.72 HAR l =100 #$$a Haryono Suyono =245 ##$$a Langkah tepat selamatkan nyawa $b - $c Haryono Suyono =246 ##$$a =260 ##$$a Jakarta : $b Yayasan Damandiri, $c 2003 =300 ##$$a xx, 270 hlm. : $b ilus. ; $c 21 cm. $d =336 ##$$a =337 ##$$a =338 ##$$a =520 #$$a =650 ##$$a Kependudukan =700 #$$a =740 ##$$a =856 ##$$a =Wor $a 1